000 00896nam a2200241 i 4500
003 CO-BoRNBP
005 20241004163807.0
007 ta
008 241004b2016 ck a|||| |||| 00| 0 spa d
020 _a9789585940260
040 _aCO-BoRNBP
_bspa
_cCO-BoRNBP
_eRda
084 _aC MOL
245 _aEl Gran Libro de Valores :
_bGüía pedagógica. Talleres para desarrollar La Catedra De La Paz/
_cIlustraciones, Fernando Cortés Ramos, Alfredo Orjuela Chingaté
250 _aPrimera edición
264 1 _aBogotá, Colombia
_bCírculo Cultural
_c©2016
300 _a48 páginas
_bilustraciones a color
_c28 cm
336 _2rdacontent
_atexto
_btxt
337 _2rdamedia
_asin mediación
_bn
338 _2rdacarrier
_avolumen
_bnc
650 1 7 _2LEMB
_aEducación moral
_vEnseñanza
_xGüías
_942830
700 _aCortés Ramos, Fernando; Orjuela Chingaté, Alfredo.
_942831
942 _2ddc
_cBKINF
999 _c38414
_d38414